[Event "New York Marshall Labor Day Schev"]
[Site "New York"]
[Date "2024.09.02"]
[Round "8.3"]
[White "Mottola, Max"]
[Black "Podavonov, Alisher"]
[Result "1-0"]
[WhiteElo "2103"]
[BlackElo "2140"]
[PlyCount "139"]
[EventDate "2024.08.29"]
[EventType "schev"]
[EventRounds "9"]
[EventCountry "USA"]
[SourceTitle "EXT 2025"]
[Source "ChessBase"]
[SourceDate "2024.10.14"]
[SourceVersion "1"]
[SourceVersionDate "2024.10.14"]
[SourceQuality "1"]

1. e4 c6 2. d4 d5 3. exd5 cxd5 4. Bd3 Nc6 5. c3 Qc7 6. Na3 a6 7. Nc2 Nf6 8. h3 e5 9. dxe5 Nxe5 10. Nf3 Nxd3+ 11. Qxd3 Qc4 12. Qe3+ Be7 13. Ncd4 0-0 14. Ne5 Qc7 15. 0-0 Bd6 16. Nef3 h6 17. Nh4 Re8 18. Qf3 Ne4 19. Ndf5 Be5 20. Be3 Be6 21. Rad1 b5 22. Bd4 a5 23. Qh5 Bxd4 24. Rxd4 b4 25. c4 g6 26. Nxg6 Bxf5 27. Qxf5 fxg6 28. Qxd5+ Qf7 29. Rxe4 Qxd5 30. Rxe8+ Rxe8 31. cxd5 Re2 32. Rd1 Kf7 33. d6 Ke8 34. Rd5 Rxb2 35. Rxa5 Rb1+ 36. Kh2 Ra1 37. Ra4 Kd7 38. Rxb4 Rxa2 39. Rb7+ Ke6 40. d7 Rd2 41. Kg3 Ke7 42. d8N+ Kxd8 43. Rb6 Rd3+ 44. f3 h5 45. Rxg6 Rd2 46. Rg5 h4+ 47. Kxh4 Ke7 48. g3 Kf6 49. f4 Rd3 50. Ra5 Kg6 51. Kg4 Rb3 52. Ra6+ Kg7 53. h4 Rc3 54. f5 Rb3 55. Kf4 Rb4+ 56. Kg5 Rb3 57. Ra7+ Kf8 58. g4 Rb6 59. f6 Kg8 60. Kg6 Rb8 61. Rg7+ Kf8 62. Rh7 Kg8 63. f7+ Kf8 64. Rh8+ Ke7 65. Rxb8 Kd7 66. f8Q Kc6 67. Qb4 Kd7 68. Qb5+ Kd6 69. Rd8+ Kc7 70. Rd7+ 1-0

[Event "New York Marshall Labor Day Schev"]
[Site "New York"]
[Date "2024.08.31"]
[Round "5.4"]
[White "Patel, Maahir M"]
[Black "Podavonov, Alisher"]
[Result "1/2-1/2"]
[WhiteElo "2005"]
[BlackElo "2140"]
[PlyCount "49"]
[EventDate "2024.08.29"]
[EventType "schev"]
[EventRounds "9"]
[EventCountry "USA"]
[SourceTitle "EXT 2025"]
[Source "ChessBase"]
[SourceDate "2024.10.14"]
[SourceVersion "1"]
[SourceVersionDate "2024.10.14"]
[SourceQuality "1"]

1. Nf3 Nf6 2. g3 b6 3. Bg2 Bb7 4. 0-0 c5 5. c4 e6 6. Nc3 d6 7. d4 cxd4 8. Qxd4 Be7 9. b3 0-0 10. Bb2 a6 11. e4 Nbd7 12. Rfe1 Qc7 13. Rac1 Rac8 14. Qd2 Rfd8 15. Nd4 Qb8 16. h3 Bf8 17. f4 Qa8 18. g4 Nc5 19. Qe3 e5 20. Nf5 exf4 21. Qxf4 Nd3 22. Qg5 Nxb2 23. Nh6+ Kh8 24. Nxf7+ Kg8 25. Nh6+ 1/2-1/2

[Event "New York President's Day IM-C"]
[Site "New York"]
[Date "2024.02.16"]
[Round "2"]
[White "Podavonov, Alisher"]
[Black "Meduri, Aakaash"]
[Result "1-0"]
[WhiteElo "2175"]
[BlackElo "1989"]
[PlyCount "111"]
[EventDate "2024.02.15"]
[EventType "schev"]
[EventRounds "9"]
[EventCountry "USA"]
[SourceTitle "CBM 218 Extra"]
[Source "ChessBase"]
[SourceDate "2024.03.31"]
[SourceVersion "1"]
[SourceVersionDate "2024.03.31"]
[SourceQuality "1"]

1. d4 f5 2. g3 Nf6 3. Bg2 e6 4. c4 d5 5. Nh3 c6 6. 0-0 Be7 7. b3 0-0 8. Ba3 Nbd7 9. Qc1 Ne4 10. f3 Nd6 11. Nd2 Nf6 12. Nf2 f4 13. gxf4 Nf5 14. Bxe7 Qxe7 15. Qc3 c5 16. dxc5 d4 17. Qb2 Nh5 18. Nd3 Rf6 19. Rf2 Rh6 20. Bh3 e5 21. fxe5 Qh4 22. Bg4 Bd7 23. Nf1 Rf8 24. Rg2 Rg6 25. Qd2 Bc6 26. b4 a6 27. a4 Nh6 28. Bxh5 Rxg2+ 29. Kxg2 Qxh5 30. Ng3 Qh4 31. Nf2 g5 32. b5 Bd7 33. Rd1 Rd8 34. Nfe4 Bh3+ 35. Kg1 Nf7 36. Qb2 Qf4 37. Nf6+ Kh8 38. Qd2 Qxe5 39. Nd5 axb5 40. axb5 Ra8 41. Qxd4 Kg8 42. Qxe5 Nxe5 43. Rc1 Ra2 44. Rc3 Kf7 45. Kf2 h6 46. Re3 Ke6 47. Nc7+ Kf6 48. Nh5+ Kg6 49. Rxe5 Kxh5 50. Nd5 Kh4 51. Re4+ Kh5 52. Kg3 Bf5 53. Re5 Kg6 54. e4 Bd7 55. Re7 Bc8 56. Nb6 1-0

[Event "New York President's Day IM-C"]
[Site "New York"]
[Date "2024.02.16"]
[Round "3"]
[White "Yoo, Eugene"]
[Black "Podavonov, Alisher"]
[Result "1-0"]
[WhiteElo "2190"]
[BlackElo "2175"]
[PlyCount "109"]
[EventDate "2024.02.15"]
[EventType "schev"]
[EventRounds "9"]
[EventCountry "USA"]
[SourceTitle "CBM 218 Extra"]
[Source "ChessBase"]
[SourceDate "2024.03.31"]
[SourceVersion "1"]
[SourceVersionDate "2024.03.31"]
[SourceQuality "1"]

1. d4 Nf6 2. Nf3 g6 3. g3 Bg7 4. Bg2 0-0 5. c4 d6 6. 0-0 Nbd7 7. Nc3 e5 8. h3 c6 9. e4 Qb6 10. c5 dxc5 11. dxe5 Ne8 12. e6 fxe6 13. Ng5 Ne5 14. f4 Nf7 15. Nxf7 Bd4+ 16. Kh2 Rxf7 17. e5 Nc7 18. Ne4 Bd7 19. h4 Nd5 20. h5 Raf8 21. Ng5 Rg7 22. hxg6 hxg6 23. Be4 Rf5 24. Bxf5 exf5 25. Qd3 Nc7 26. Qc4+ Kf8 27. Rb1 Qb4 28. Qc2 Qb5 29. Re1 Ne6 30. Nf3 c4 31. b3 Qd5 32. Kg2 c3 33. Rd1 c5 34. Qxc3 Bb5 35. Ba3 Kf7 36. Rd2 Rh7 37. Rbd1 g5 38. Qc2 Kg6 39. Qxc5 Qxc5 40. Bxc5 Bxc5 41. Rd6 Bxd6 42. Rxd6 Re7 43. Nd4 Bd7 44. g4 Kh7 45. gxf5 Nxf4+ 46. Kf3 Bc6+ 47. Nxc6 bxc6 48. Ke4 Kg8 49. Rxc6 Ne2 50. f6 Ng3+ 51. Kd5 Nf5 52. fxe7 Nxe7+ 53. Kd6 Nxc6 54. Kxc6 Kf7 55. Kd7 1-0

[Event "New York President's Day IM-C"]
[Site "New York"]
[Date "2024.02.15"]
[Round "1"]
[White "Tang, Benjamin"]
[Black "Podavonov, Alisher"]
[Result "1-0"]
[WhiteElo "2346"]
[BlackElo "2175"]
[PlyCount "119"]
[EventDate "2024.02.15"]
[EventType "schev"]
[EventRounds "9"]
[EventCountry "USA"]
[SourceTitle "CBM 218 Extra"]
[Source "ChessBase"]
[SourceDate "2024.03.31"]
[SourceVersion "1"]
[SourceVersionDate "2024.03.31"]
[SourceQuality "1"]

1. e4 c6 2. d4 d5 3. e5 Bf5 4. h4 h5 5. Bd3 Bxd3 6. Qxd3 e6 7. Nf3 Qa5+ 8. Nbd2 Qa6 9. c4 Bb4 10. 0-0 Nd7 11. b3 Ne7 12. Rd1 Nb6 13. Qc2 Bxd2 14. Nxd2 Nf5 15. Bb2 Nxh4 16. a4 Rd8 17. a5 Nc8 18. Ba3 Rh6 19. Nf1 Nf5 20. Ne3 Nxe3 21. fxe3 Qxa5 22. Bf8 Qxa1 23. Rxa1 Kxf8 24. Qc3 Rd7 25. b4 dxc4 26. Qxc4 a6 27. b5 axb5 28. Qc5+ Ke8 29. Ra8 Rd8 30. Rb8 Ne7 31. Rxb7 Rd7 32. Rb8+ Rd8 33. Rb6 f5 34. Qa3 Rh7 35. Rb7 g5 36. Qa2 Kf7 37. Qa7 Ke8 38. Rb6 Rf7 39. Qa2 Nd5 40. Rxc6 Re7 41. Qe2 b4 42. Qxh5+ Kd7 43. Ra6 Rc8 44. Rd6+ Kc7 45. Qe2 Kb8 46. Qa2 Ra7 47. Qb3 Re7 48. Rxd5 exd5 49. Qxb4+ Rb7 50. Qd6+ Ka7 51. Qxd5 g4 52. Kf2 f4 53. exf4 Kb8 54. Kg3 Rc3+ 55. Kxg4 Rg7+ 56. Kf5 Rcg3 57. e6 Kc7 58. Qc5+ Kd8 59. Qf8+ Kc7 60. e7 1-0

[Event "Edward Lasker Memorial 99th"]
[Site "New York"]
[Date "2015.12.20"]
[Round "9"]
[White "Nebolsina, Vera"]
[Black "Podavonov, Alisher"]
[Result "1-0"]
[WhiteElo "2208"]
[BlackElo "2194"]
[PlyCount "79"]
[EventDate "2015.12.11"]
[EventType "swiss"]
[EventRounds "9"]
[EventCountry "USA"]
[SourceTitle "CBM 170 Extra"]
[Source "ChessBase"]
[SourceDate "2016.02.25"]
[SourceVersion "1"]
[SourceVersionDate "2016.02.25"]
[SourceQuality "1"]

1. d4 c5 2. e3 d5 3. Nf3 cxd4 4. exd4 Nf6 5. h3 Nc6 6. Bd3 g6 7. c3 Bf5 8. Bxf5 gxf5 9. Qd3 Ne4 10. Bf4 Qb6 11. b4 e6 12. 0-0 Rc8 13. a4 Bg7 14. a5 Qd8 15. a6 b6 16. Na3 Nxc3 17. Qxc3 Nxd4 18. Qe3 Rc3 19. Nxd4 Rxe3 20. fxe3 Qd7 21. Bb8 0-0 22. Bxa7 Bxd4 23. exd4 Qxa7 24. b5 Qe7 25. Nc2 Rc8 26. Rfc1 Kg7 27. Ra2 e5 28. Re1 e4 29. Ne3 Qd7 30. Rf1 f4 31. Rxf4 Qxb5 32. Raf2 Rc7 33. Nf5+ Kf8 34. Rh4 Qxa6 35. Rxh7 Ke8 36. Nd6+ Kd7 37. Rfxf7+ Kc6 38. Rxc7+ Kxd6 39. Ra7 Qd3 40. Rh6# 1-0

[Event "Edward Lasker Memorial 99th"]
[Site "New York"]
[Date "2015.12.19"]
[Round "7"]
[White "Sturt, Raven M"]
[Black "Podavonov, Alisher"]
[Result "1-0"]
[WhiteElo "2374"]
[BlackElo "2194"]
[PlyCount "61"]
[EventDate "2015.12.11"]
[EventType "swiss"]
[EventRounds "9"]
[EventCountry "USA"]
[SourceTitle "CBM 170 Extra"]
[Source "ChessBase"]
[SourceDate "2016.02.25"]
[SourceVersion "1"]
[SourceVersionDate "2016.02.25"]
[SourceQuality "1"]

1. d4 Nf6 2. c4 e6 3. Nf3 c5 4. d5 exd5 5. cxd5 d6 6. Nc3 g6 7. Bf4 Bg7 8. Qa4+ Bd7 9. Qb3 Qc7 10. e4 0-0 11. Be2 Nh5 12. Be3 Bg4 13. h3 Bxf3 14. Bxf3 Nf6 15. e5 Ne8 16. e6 c4 17. Qa4 fxe6 18. dxe6 Bxc3+ 19. bxc3 Rxf3 20. gxf3 Qc6 21. Qxc6 Nxc6 22. h4 Ne5 23. h5 Nxf3+ 24. Ke2 Ne5 25. f4 Nc6 26. hxg6 hxg6 27. Rh6 Ne7 28. Bd4 Kf8 29. Rh8+ Ng8 30. Rh7 Nef6 31. Rf7+ 1-0

[Event "Edward Lasker Memorial 99th"]
[Site "New York"]
[Date "2015.12.13"]
[Round "5"]
[White "Podavonov, Alisher"]
[Black "Colas, Joshua"]
[Result "1-0"]
[WhiteElo "2194"]
[BlackElo "2279"]
[PlyCount "75"]
[EventDate "2015.12.11"]
[EventType "swiss"]
[EventRounds "9"]
[EventCountry "USA"]
[SourceTitle "CBM 170 Extra"]
[Source "ChessBase"]
[SourceDate "2016.02.25"]
[SourceVersion "1"]
[SourceVersionDate "2016.02.25"]
[SourceQuality "1"]

1. e4 c5 2. Nf3 e6 3. d4 cxd4 4. Nxd4 a6 5. Bd3 Nf6 6. 0-0 d6 7. c4 Be7 8. Nc3 0-0 9. Be3 Nc6 10. Nb3 b6 11. f4 Bb7 12. Rc1 Rc8 13. Qe2 Nd7 14. Bb1 Nc5 15. Nd2 Bf6 16. Nf3 Qc7 17. Rfd1 h6 18. Bf2 Rfd8 19. Bg3 Bxc3 20. Rxc3 a5 21. Bh4 f6 22. Bf2 Re8 23. Nh4 Rcd8 24. Rg3 Nb4 25. Re1 Qf7 26. f5 Bc8 27. Be3 exf5 28. Bxh6 g5 29. Bxg5 Nxe4 30. Bxe4 Rxe4 31. Bxf6+ Kh7 32. Bxd8 Rxe2 33. Rxe2 Nc6 34. Rge3 Qxc4 35. Bf6 f4 36. Re8 Qc5+ 37. Kh1 Qc1+ 38. Re1 1-0